000 00234 a2200085 4500
020 _a 9789353505554
100 _aCharles W. L. Hill
245 _aStrategic Management: An Integrated Approach: Theory & Cases
260 _bCENGAGE INDIA
_c2017
999 _c13363
_d13363